LEADER 01927oam 2200505M 450 001 9910715590203321 005 20191116081228.7 035 $a(CKB)5470000002512149 035 $a(OCoLC)1065882305 035 $a(OCoLC)995470000002512149 035 $a(EXLCZ)995470000002512149 100 $a20070221d1822 ua 0 101 0 $aeng 135 $aurcn||||||||| 181 $ctxt$2rdacontent 182 $cc$2rdamedia 183 $acr$2rdacarrier 200 10$aReport of the Committee of Ways and Means, on the bill from the Senate for the relief of Samuel H. Walley and Henry G. Foster. December 27, 1822. Read, and with the bill, committed to a Committee of the Whole House to-morrow 210 1$a[Washington, D.C.] :$c[publisher not identified],$d1822. 215 $a1 online resource (2 pages) 225 1 $aHouse report / 17th Congress, 2nd session. House ;$vno. 55 225 1 $a[United States congressional serial set ] ;$v[serial no. 86] 300 $aBatch processed record: Metadata reviewed, not verified. Some fields updated by batch processes. 300 $aFDLP item number not assigned. 606 $aClaims 606 $aDrawbacks 606 $aExports 606 $aForeign trade promotion 606 $aForeign trade and employment 606 $aSpices 608 $aLegislative materials.$2lcgft 615 0$aClaims. 615 0$aDrawbacks. 615 0$aExports. 615 0$aForeign trade promotion. 615 0$aForeign trade and employment. 615 0$aSpices. 801 0$bWYU 801 1$bWYU 801 2$bOCLCO 801 2$bOCLCQ 906 $aBOOK 912 $a9910715590203321 996 $aReport of the Committee of Ways and Means, on the bill from the Senate for the relief of Samuel H. Walley and Henry G. Foster. December 27, 1822. Read, and with the bill, committed to a Committee of the Whole House to-morrow$93285606 997 $aUNINA LEADER 01370nas0-2200445---450 001 990000823820203316 005 20240215110627.0 011 $a0004-8011 035 $a0082382 035 $aUSA010082382 035 $a(ALEPH)000082382USA01 035 $a0082382 100 $a20011221a1961----km-y0itay0103----ba 101 $aita 102 $aIT 110 $aajaz---|||| 200 1 $aAugustinianum$eperiodicum semestre Instituti Patristici "Augustinianum" 210 $aRoma$cInstituti Patristici "Augustinianum" 215 $av.$d23 cm 300 $aComincia nel 1961 300 $aIl compl. del tit. e la periodicità variano 326 $aSemestrale 606 0 $aCristianesimo e antichità$xPeriodici 676 $a205 712 02$aInstituti Patristici "Augustinianum"$c 801 0$aIT$bsalbc$gISBD 852 $tCELDES_24 912 $a990000823820203316 948 $s50 958 $aUMA$bPer III 5$cA.22. (1982), A.44., fasc. 1 (jun.2004)- ; scompl. 1982. 959 $aSE 969 $aUMA 979 $aPATTY$b90$c20011221$lUSA01$h1613 979 $aPATTY$b90$c20020320$lUSA01$h1519 979 $c20020403$lUSA01$h1728 979 $aPATRY$b90$c20040406$lUSA01$h1657 979 $aVITTORIANA$b90$c20040909$lUSA01$h1554 979 $aVITTORIANA$b90$c20040909$lUSA01$h1607 996 $aAugustinianum$9799763 997 $aUNISA